00000000nam##2200000za#4500
0019.696349
003CaOODSP
00520210624235007
007cr |||||||||||
008150407|2000||||xxc|||||o    f|0| 0 eng|d
040 |aCaOODSP|beng
043 |an-cn---
0861 |aH21-155/2000E-PDF
1101 |aCanada. |bHealth Canada.
24510|aTo share and to learn : |h[electronic resource]|bthe case for Canadians to act globally against HIV/AIDS / |c[issued by] International Affairs Directorate.
2461 |iOn title page : |aCanadian Strategy on HIV/AIDS, international collaboration
260 |aOttawa - Ontario : |bHealth Canada |cc2000.
300 |a46p.|breferences
500 |aThe catalogue number (H21-155/2000E) and ISBN (0-662-29065-8) for the print edition have been incorrectly copied in this electronic publication.
5203 |a"The case for Canadians to act globally against HIV/AIDS has been designed to be adaptable to, and appropriate for, several different audience. From government policy makers, members of NGOs, academics and media professionals, to fund development personnel, economists, board members and business leaders, many individuals can benefit from the information presented in the Case" --Introduction, p.6 of 46.
590 |a12-30-Supp|b2012-06-28
69007|aHealth policy|2gcpds
69007|aAIDS (disease)|2gcpds
77508|tPartager et s'instruire : |w(CaOODSP)9.640466
7760#|tTo share and to learn: the case for Canadians to act globally against HIV/AIDS |w(CaOODSP)9.647782
85640|ahttp://publications.gc.ca|qPDF|s339 KB|uhttps://publications.gc.ca/collections/Collection/H21-155-2000E.pdf